Cross-Cultural Communication (Record no. 27366)
[ view plain ]
| 000 -LEADER | |
|---|---|
| fixed length control field | 02294nam a22005775i 4500 |
| 001 - CONTROL NUMBER | |
| control field | 978-0-230-39114-7 |
| 003 - CONTROL NUMBER IDENTIFIER | |
| control field | DE-He213 |
| 005 - DATE AND TIME OF LATEST TRANSACTION | |
| control field | 20240716150619.0 |
| 006 - FIXED-LENGTH DATA ELEMENTS--ADDITIONAL MATERIAL CHARACTERISTICS | |
| fixed length control field | a|||||o|||| 00| 0 |
| 007 - PHYSICAL DESCRIPTION FIXED FIELD--GENERAL INFORMATION | |
| fixed length control field | cr nn 008mamaa |
| 008 - FIXED-LENGTH DATA ELEMENTS--GENERAL INFORMATION | |
| fixed length control field | 151203s2013 xxk| s |||| 0|eng d |
| 020 ## - INTERNATIONAL STANDARD BOOK NUMBER | |
| International Standard Book Number | 9780230391147 |
| 024 7# - OTHER STANDARD IDENTIFIER | |
| Standard number or code | 10.1057/9780230391147 |
| Source of number or code | doi |
| 040 ## - CATALOGING SOURCE | |
| Transcribing agency | imu-kc |
| 050 #4 - LIBRARY OF CONGRESS CALL NUMBER | |
| Classification number | HF5549-5549.5 |
| 072 #7 - SUBJECT CATEGORY CODE | |
| Subject category code | KJMV2 |
| Source | bicssc |
| Subject category code | BUS030000 |
| Source | bisacsh |
| Subject category code | KJMV2 |
| Source | thema |
| 082 04 - DEWEY DECIMAL CLASSIFICATION NUMBER | |
| Classification number | 658.3 |
| Edition number | 23 |
| 100 1# - MAIN ENTRY--PERSONAL NAME | |
| Personal name | Hurn, B. |
| Relator term | author. |
| Relationship | aut |
| -- | http://id.loc.gov/vocabulary/relators/aut |
| 245 10 - TITLE STATEMENT | |
| Title | Cross-Cultural Communication |
| Medium | [electronic resource] : |
| Remainder of title | Theory and Practice / |
| Statement of responsibility, etc. | by B. Hurn, B. Tomalin. |
| 250 ## - EDITION STATEMENT | |
| Edition statement | 1st ed. 2013. |
| 264 #1 - PRODUCTION, PUBLICATION, DISTRIBUTION, MANUFACTURE, AND COPYRIGHT NOTICE | |
| Place of production, publication, distribution, manufacture | London : |
| Name of producer, publisher, distributor, manufacturer | Palgrave Macmillan UK : |
| -- | Imprint: Palgrave Macmillan, |
| Date of production, publication, distribution, manufacture, or copyright notice | 2013. |
| 300 ## - PHYSICAL DESCRIPTION | |
| Extent | XVIII, 308 p. |
| Other physical details | online resource. |
| 336 ## - CONTENT TYPE | |
| Content type term | text |
| Content type code | txt |
| Source | rdacontent |
| 337 ## - MEDIA TYPE | |
| Media type term | computer |
| Media type code | c |
| Source | rdamedia |
| 338 ## - CARRIER TYPE | |
| Carrier type term | online resource |
| Carrier type code | cr |
| Source | rdacarrier |
| 347 ## - DIGITAL FILE CHARACTERISTICS | |
| File type | text file |
| Encoding format | |
| Source | rda |
| 520 ## - SUMMARY, ETC. | |
| Summary, etc. | A comprehensive survey of the key areas of research in cross-cultural communication, based on the authors' experience in organizing and delivering courses for undergraduate and postgraduate students and in business training in the UK and overseas. |
| 650 #0 - SUBJECT ADDED ENTRY--TOPICAL TERM | |
| Topical term or geographic name entry element | Personnel management. |
| Topical term or geographic name entry element | International business enterprises. |
| Topical term or geographic name entry element | Communication. |
| Topical term or geographic name entry element | International economic relations. |
| Topical term or geographic name entry element | Communication in organizations. |
| Topical term or geographic name entry element | Human Resource Management. |
| Topical term or geographic name entry element | International Business. |
| Topical term or geographic name entry element | Media and Communication. |
| Topical term or geographic name entry element | International Economics. |
| Topical term or geographic name entry element | Corporate Communication. |
| 700 1# - ADDED ENTRY--PERSONAL NAME | |
| Personal name | Tomalin, B. |
| Relator term | author. |
| Relationship | aut |
| -- | http://id.loc.gov/vocabulary/relators/aut |
| 710 2# - ADDED ENTRY--CORPORATE NAME | |
| Corporate name or jurisdiction name as entry element | SpringerLink (Online service) |
| 773 0# - HOST ITEM ENTRY | |
| Title | Springer Nature eBook |
| 776 08 - ADDITIONAL PHYSICAL FORM ENTRY | |
| Relationship information | Printed edition: |
| International Standard Book Number | 9780230391130 |
| Relationship information | Printed edition: |
| International Standard Book Number | 9781349351480 |
| Relationship information | Printed edition: |
| International Standard Book Number | 9781349351473 |
| Relationship information | Printed edition: |
| International Standard Book Number | 9781137498342 |
| 856 40 - ELECTRONIC LOCATION AND ACCESS | |
| Uniform Resource Identifier | <a href="https://doi.org/10.1057/9780230391147">https://doi.org/10.1057/9780230391147</a> |
| 942 ## - ADDED ENTRY ELEMENTS (KOHA) | |
| Source of classification or shelving scheme | |
| Koha item type | E-Book |
No items available.